000 00519nam a2200121Ia 4500
008 220620s9999||||xx |||||||||||||| ||und||
100 _aMark T. Stauffer
245 0 _aIdeas and Applications Toward Sample Preparation for Food and Beverage Analysis
546 _aEnglish[eng]
650 _aLife Sciences||Food Chemistry||Genetics and Molecular Biology||Bromatology||Biochemistry
856 _uhttps://www.intechopen.com/books/ideas-and-applications-toward-sample-preparation-for-food-and-beverage-analysis
942 _cEB
999 _c32119
_d32119